02033cam a22003134a 45000010009000000050017000090080041000260100017000670200025000840400018001090420008001270500022001350820020001572450147001772600044003243000025003684900064003935040051004575050941005086500048014496500024014976500039015216500035015606500030015956500022016257000022016477000026016697000024016951719197420170105102919.0120302s2013 enk b 001 0 eng  a 2012007178 a9780415665490 (hbk.) aDLCcDLCdDLC apcc00aJV6342b.M53 201300a305.9/0691222300aMigration and insecurity :bcitizenship and social inclusion in a transnational era /cedited by Niklaus Steiner, Robert Mason and Anna Hayes. aLondon ;aNew York :bRoutledge,c2013. axi, 192 p. ;c24 cm.0 aRoutledge research on the global politics of migration ;v3 aIncludes bibliographical references and index.0 aIntroduction -- A comparison of asylum-seekers in Europe and illegal immigrants in the United States / Niklaus Steiner -- Legacies of war and migration: memories of war trauma, dislocation and second generation Greek-Australians / Joy Damousi -- Dwelling with strangers: museums and migration / Kay Ferres -- Negotiating migration, sentiment and insecurity: encounters with sadness and shame in Australia / Sara Wills -- Would-be citizens and strong states: circles of security and insecurity / Paul James and Anne McNevin -- Negotiating integration: refugees and asylum seekers in Australia and the UK / Susanne Schech and Sophia Rainbird -- Transnational practices, active citizenship and Muslim migrant integration in the West / Fethi Mansouri -- Equal valued status: belonging, identity and place / Hurriyet Babacan and Alperhan Babacan -- Citizens of no-where: refugees, integration criteria and social inclusion / Eileen Pittaway. 0aEmigration and immigrationxSocial aspects. 0aSocial integration. 0aImmigrantsxCultural assimilation. 0aImmigrantsxSocial conditions. 0aImmigrantsxCivil rights. 0aTransnationalism.1 aSteiner, Niklaus.1 aMason, Robert,d1981-1 aHayes, Anna,d1977-